Promoción de las exportaciones por organizaciones del sector privado

Shranjeno v:
Bibliografske podrobnosti
Korporativna značnica: Centro de Comercio Internacional UNCTAD-GATT (Author)
Format: Knjiga
Jezik:španščina
Izdano: Ginebra Centro de Comercio Internacional 1971
Teme:
Oznake: Označite
Brez oznak, prvi označite!

MARC

LEADER 00000nam a2200000 a 4500
001 UCR5375
003 CL-VaPUC
008 980327e19710000SZ |||||||||||||||||spa|d
082 0 4 |a 382.4  |b CEN  |2 21 
110 2 |a Centro de Comercio Internacional UNCTAD-GATT  |e author  |9 406242 
245 1 0 |a Promoción de las exportaciones por organizaciones del sector privado 
300 |a 280 p 
942 |c BK 
945 |d 19980327 00:00:00  |a crobeson 
260 |a Ginebra  |b Centro de Comercio Internacional  |c 1971 
650 7 |a COMERCIO INTERNACIONAL  |2 CL-VaPUC  |9 406243 
650 0 |a Exportación  |9 351066 
583 |a last modification  |c 19980327 00:00:00  |k Rodrigo Vera 
999 |c 267983  |d 267981 
952 |0 0  |1 0  |4 0  |6 382_400000000000000_CEN_1971  |7 0  |8 A  |9 300834  |a BIBALI  |b BIBALI  |c GEN  |d 2019-11-20  |i 1969404  |o 382.4 CEN 1971  |p 1969404  |r 2025-01-20  |w 2019-11-20  |y BK  |k ALI